| 000 | 01827nam a2200481Ii 4500 | ||
|---|---|---|---|
| 001 | DIGSLMNDRA0317 | ||
| 003 | NyNyDIG | ||
| 007 | cr ||||||||||| | ||
| 008 | 221006s2012 sp o 000 j spa d | ||
| 006 | m o d | ||
| 035 | _a(OCoLC)1390761176 | ||
| 040 |
_aDGITA _beng _erda _epn _cDGITA |
||
| 041 | 1 |
_aspa _heng |
|
| 020 |
_a9788415470700 _qlibro electrónico |
||
| 020 | _z9788498380378 | ||
| 050 | 1 | 4 | _aPZ7.B75153 ebook |
| 100 | 1 |
_aBrennan, Herbie, _eauthor. |
|
| 240 | 1 | 0 |
_aPurple Emperor. _lSpanish _s(Vázquez Ramil) |
| 245 | 1 | 3 |
_aEl emperador púrpura / _cHerbie Brennan ; traducción del inglés, Raquel Vázquez Ramil. |
| 250 | _aPrimera edición en libro electrónico (epub) | ||
| 264 | 1 |
_aBarcelona : _bSalamandra, _c[2012] |
|
| 300 | _a1 online resource. | ||
| 336 |
_atext _btxt _2rdacontent |
||
| 337 |
_acomputer _bc _2rdamedia |
||
| 338 |
_aonline resource _bcr _2rdacarrier |
||
| 347 |
_atext file _2rdaft |
||
| 347 | _bEPUB | ||
| 490 | 1 | _aNarrativa Salamandra | |
| 588 | 0 | _aOnline resource; title from ePub title page (Digitalia, viewed October 6, 2022) | |
| 650 | 0 |
_aFairies _vFiction. |
|
| 650 | 0 |
_aFriendship _vFiction. |
|
| 650 | 0 |
_aSupernatural _vFiction. |
|
| 655 | 7 |
_aShort stories. _2lcgft |
|
| 700 | 1 |
_aVázquez Ramil, Raquel, _etranslator. |
|
| 700 | 1 |
_iTranslation of: _aBrennan, Herbie. _tPurple Emperor. |
|
| 791 | 2 |
_aDigitalia (Firm), _edistributor. |
|
| 793 | 0 |
_gDigitalia eBook Collection: _aEdiciones Salamandra |
|
| 776 | 0 | 8 |
_iPrint version: _aBrennan, Herbie. _sPurple Emperor. Spanish (Vázquez Ramil). _tEmperador púrpura. _dBarcelona : Salamandra, [2006] _z9788498380378 |
| 830 | 0 | _aNarrativa (Salamandra (Firm)) | |
| 856 | 4 | 0 |
_3Digitalia Hispánica _uhttps://www.digitaliapublishing.com/a/48446/ |
| 910 | _aPremium collection: 2022 | ||
| 942 | _cRAA | ||
| 999 |
_c250948 _d250948 |
||